00718cam a2200193 i 4500003000400000005001700004008004100021020001500062040001400077245017100091260005000262300002800312490002000340504004100360650004300401700003100444700002000475700002900495OSt20211118123333.0751126s1975 sp a b 000 0 spa  a8422940256 aDLCcCDMR00aPrensa y sociedad en España (1820-1936) /cManuel Tuñón de Lara ... [et al. ; ed. a cargo de Manuel Tuñón de Lara, Antonio Elorza y Manuel Pérez Ledesma]. aMadrid :bCuadernos para el Diálogo,c1975. a290 pàgines; c21 cm.0 aColección ITS aIncludes bibliographical references. 0aPremsazEspanyaxHistòriay1820-19362 aTuñón de Lara, Manuel.1 aElorza, Antonio2 aPérez Ledesma, Manuel.